000 00526cam a2200217ua 4500
001 8450
005 20260515114334.0
008 150130n ii |||gr||||Z||||||eng
020 _a9780192807113
040 _cMAIN
041 _aeng
082 _a413
100 _aSoanes, C.,
_eEditor.
245 1 _aOxford crossword dictionary
_cEdited by Catherine Soanes
250 _a1st.
260 _aNew delhi:
_bOxford,
_c2006.
300 _ax,346p.
653 _aDictionaries
653 _aCrossword dictionaries
942 _cBK
999 _c7552
_d7552